| 000 | 00390nam a22001697a 4500 | ||
|---|---|---|---|
| 999 |
_c5022 _d5020 |
||
| 005 | 20210908130412.0 | ||
| 008 | 160701b xxu||||| |||| 00| 0 eng d | ||
| 020 | _a81-86771-09-3 | ||
| 041 | _aeng | ||
| 082 | _b20235 | ||
| 100 |
_aSambasiva Rao B _93360 |
||
| 245 | _aAgriculture in India | ||
| 260 | _bSerial Publication | ||
| 300 | _a271 | ||
| 650 |
_aAgriculture _92837 |
||
| 942 | _cBK | ||